Réponses avec le mot "Or" - Statistiques

Statistiques générales
  • Ce quiz a été pris 1 867 fois
  • Le résultat moyen est 13 sur 22
Statistiques - réponses
Indice Réponse % Correct
Plus haute récompense olympique La médaille d'or
99%
Récompense remise aux artistes ayant vendu un certain nombre d'exemplaires d'un single ou d'un album Le Disque d'Or
85%
Distinction individuelle créée en 1956 par le magazine France Football Le Ballon d'Or
84%
Dessin animé où l'on retrouve Esteban, Zia et Tao Les Mystérieuses cités d'or
83%
Elle est décernée à un long-métrage lors du Festival de Cannes La Palme d'or
82%
Bloc d'or métallique Le lingot d'or
82%
Registre recueillant les avis et commentaires des visiteurs d'un lieu ou des utilisateurs d'un service Le livre d'or
81%
Surnom du pétrole L'or noir
81%
Il permet de visiter la fabrique de Willy Wonka dans Charlie et la Chocolaterie Le ticket d'or
79%
25 ans après celles d'argent, 10 ans avant celles de diamant Les noces d'or
77%
Dijon en est sa préfecture La Côte-d'Or
69%
Espèce particulière de renoncule à fleurs d'un jaune doré Le bouton d'or
67%
Jeu TV où le but est de trouver les réponses les plus fréquemment données à des questions posées à un panel de Français sondés Une famille en or
64%
Permet de répondre à l'équation x²=X+1, symbolisé par la lettre grecque Phi Le nombre d'or
54%
Fromage AOP fabriqué dans le Haut-Doubs Le Mont d'Or
47%
Surnom du RC Lens faisant référence aux couleurs de son maillot rouge et jaune Les Sang et Or
42%
Deuxième album d'Astérix La Serpe d'or
29%
Matériel de départ d'une technique de dorure dite "à froid" La feuille d'or
20%
Statue vénérée comme une idole par les Hébreux au pied du Mont Sinaï dans le Livre de l'Exode Le veau d'or
18%
Fable de La Fontaine débutant par "L'avarice perd tout en voulant tout gagner" La poule aux œufs d'or
12%
Nom donné à la pyrite dans les années 1870 du fait de sa ressemblance avec l'or L'or des fous
8%
Zone touristique comprenant les trois sites les plus fréquentés d'Islande Le Cercle d'or
6%
Aucun quiz correspondant
Distribution des résultats
% des personnes avec chaque résultat
Percentile par nombre de réponses
Votre historique - résultats
Vous n’avez pas pris ce quiz